Biggest cities in Oceania - Statistics

General Stats
  • This quiz has been taken 30 times
    12 since last reset
  • The average score is 14 of 17
Answer Stats
Population Answer % Correct
1.07 million Adelaide
100%
1.57 million Auckland
100%
5.02 million Melbourne
100%
2.96 million Perth
100%
974k Port Moresby
100%
5.36 million Sydney
100%
2.03 million Brisbane
90%
487k Gold Coast
90%
693k Newcastle
90%
963k Suva
90%
400k Wellington
90%
500k Christchurch
80%
827k Darwin
70%
1.04 million Honolulu
70%
840k Honiara
40%
428k Majuro
30%
371k Townsville
20%
No matching quizzes found
Score Distribution
Percent of People with Each Score
Percentile by Number Answered
Your Score History
You have not taken this quiz since the last reset